5HLuxD.jpg

KING HENRY VIII SENIOR AND PRIMARY SCHOOL LIBRARY OPAC

Knife and the butterfly / (Record no. 192)

000 -LEADER
fixed length control field 01271cam a2200385Ii 4500
001 - CONTROL NUMBER
control field 870991111
003 - CONTROL NUMBER IDENTIFIER
control field OCoLC
005 - DATE AND TIME OF LATEST TRANSACTION
control field 20190731102342.0
008 - FIXED-LENGTH DATA ELEMENTS--GENERAL INFORMATION
fixed length control field 140224t20142012mnu 000 1 eng d
020 ## - INTERNATIONAL STANDARD BOOK NUMBER
International Standard Book Number 1467716243
020 ## - INTERNATIONAL STANDARD BOOK NUMBER
International Standard Book Number 9781467716246
035 ## - SYSTEM CONTROL NUMBER
System control number (OCoLC)870991111
040 ## - CATALOGING SOURCE
Original cataloging agency YDXCP
Transcribing agency YDXCP
Modifying agency BDX
Description conventions rda
Modifying agency NYP
049 ## - LOCAL HOLDINGS (OCLC)
Holding library NYPP
082 ## - DEWEY DECIMAL CLASSIFICATION NUMBER
Classification number FIC PER
091 ## - MICROFILM SHELF LOCATION (AM) [OBSOLETE]
Microfilm shelf location FIC
100 1# - MAIN ENTRY--PERSONAL NAME
Personal name Pérez, Ashley Hope,
Relator term author.
245 10 - TITLE STATEMENT
Title Knife and the butterfly /
Statement of responsibility, etc. Ashley Hope Perez.
264 #1 - PRODUCTION, PUBLICATION, DISTRIBUTION, MANUFACTURE, AND COPYRIGHT NOTICE
Place of production, publication, distribution, manufacture Minneapolis :
Name of producer, publisher, distributor, manufacturer Carolrhoda Lab,
Date of production, publication, distribution, manufacture, or copyright notice [2014]
264 #4 - PRODUCTION, PUBLICATION, DISTRIBUTION, MANUFACTURE, AND COPYRIGHT NOTICE
Date of production, publication, distribution, manufacture, or copyright notice ©2012.
300 ## - PHYSICAL DESCRIPTION
Extent 210 pages ;
Dimensions 19 cm.
336 ## - CONTENT TYPE
Content type term text
Source rdacontent.
337 ## - MEDIA TYPE
Media type term unmediated
Source rdamedia.
338 ## - CARRIER TYPE
Carrier type term volume
Source rdacarrier.
520 ## - SUMMARY, ETC.
Summary, etc. After a brawl with a rival gang, sixteen-year-old Azael, a member of Houston's MS-13 gang and the son of illegal Salvadoran immigrants, wakes up in an unusual juvenile detention center where he is forced to observe another inmate through a one-way mirror.
650 #0 - SUBJECT ADDED ENTRY--TOPICAL TERM
Topical term or geographic name entry element Juvenile delinquency
Form subdivision Fiction.
650 #0 - SUBJECT ADDED ENTRY--TOPICAL TERM
Topical term or geographic name entry element Juvenile detention homes
Form subdivision Fiction.
650 #0 - SUBJECT ADDED ENTRY--TOPICAL TERM
Topical term or geographic name entry element Gangs
Form subdivision Fiction.
650 #0 - SUBJECT ADDED ENTRY--TOPICAL TERM
Topical term or geographic name entry element Salvadoran Americans
Form subdivision Fiction.
901 ## - LOCAL DATA ELEMENT A, LDA (RLIN)
a jmd
b CATBL
901 ## - LOCAL DATA ELEMENT A, LDA (RLIN)
a MARS
942 ## - ADDED ENTRY ELEMENTS (KOHA)
Source of classification or shelving scheme
Koha item type Books - Fiction
945 ## - LOCAL PROCESSING INFORMATION (OCLC)
a .b202214916
946 ## - LOCAL PROCESSING INFORMATION (OCLC)
a m
Holdings
Withdrawn status Lost status Source of classification or shelving scheme Damaged status Not for loan Collection code Permanent Location Current Location Shelving location Date acquired Total Checkouts Full call number Barcode Date last seen Date last checked out Price effective from Koha item type
          Fiction KH8 Senior School Library KH8 Senior School Library Young Adult 2019-07-31 1 FIC PER 3KHSL000101101 2024-07-23 2022-09-08 2019-07-31 Books - Fiction

Powered By KH8 IT Dept